Loading...
| Current Events | 1 | 10.00 | 100% | 0% | 0% |
| Fine Arts - Classical Music | 5 | 8.00 | 60% | 20% | 0% |
| Fine Arts - Other Fine Arts | 4 | 12.50 | 75% | 25% | 25% |
| Fine Arts - Painting and Sculpture | 3 | 20.00 | 67% | 100% | 33% |
| Geography | 2 | 15.00 | 100% | 50% | 0% |
| History - American History | 5 | 12.00 | 80% | 40% | 0% |
| History - European History | 1 | 20.00 | 100% | 100% | 0% |
| History - Other History | 5 | 12.00 | 80% | 20% | 20% |
| History - World History | 8 | 8.75 | 75% | 13% | 0% |
| Literature - American Literature | 5 | 14.00 | 60% | 60% | 20% |
| Literature - British Literature | 3 | 13.33 | 100% | 33% | 0% |
| Literature - European Literature | 4 | 20.00 | 75% | 50% | 75% |
| Literature - World Literature | 2 | 15.00 | 100% | 50% | 0% |
| Mythology | 6 | 15.00 | 100% | 50% | 0% |
| Other Academic | 1 | 30.00 | 100% | 100% | 100% |
| Philosophy | 7 | 12.86 | 100% | 29% | 0% |
| Religion | 5 | 12.00 | 80% | 40% | 0% |
| Science - Biology | 6 | 13.33 | 100% | 17% | 17% |
| Science - Chemistry | 7 | 10.00 | 71% | 29% | 0% |
| Science - Other Science | 6 | 11.67 | 67% | 33% | 17% |
| Science - Physics | 6 | 15.00 | 83% | 33% | 33% |
| Social Science | 5 | 14.00 | 60% | 60% | 20% |